| 000 | 00597nam a22001817a 4500 | ||
|---|---|---|---|
| 005 | 20130913151950.0 | ||
| 010 | _aENG-108187 | ||
| 020 |
_a9789350690154 _c110.00 |
||
| 035 | _aEN-91720 | ||
| 037 | _bDBAD/PUB | ||
| 082 | _a230.35 | ||
| 245 | 1 | 0 |
_aGems of wisdom : _ccompiled by C.M. Sahni _bquotations from Bhagawan Sri Sathya Sai Baba / |
| 260 |
_aAndhra Pradesh _bSri Sathya Sai Sadhana Trust _c2013 |
||
| 270 |
_aPrasanthi Nilayam, Anantapur District _bAndhra Pradesh _e515134 |
||
| 300 |
_axiv,565p. _c23cm(pbk) |
||
| 700 | _aSahni, C.M. | ||
| 942 |
_2ddc _cEN _mGEM _h230.35 |
||
| 999 |
_c78203 _d78203 |
||